Längste Flüsse Europas - Statistiken

Allgemein
  • Dieses Quiz wurde 426 mal gespielt
  • Das Durchschnittsergebnis liegt bei 12 aus 20
Antwortstatistiken
Platz Land Länge in km Mündung Länder % Korrekt
4. Don 1870 Asowsches Meer Russland
99%
2. Donau 2845 Schwarzes Meer Deutschland, Österreich, Slowakei, Ungarn, Kroatien, Serbien, Bulgarien, Rumänien, Moldawien, Ukraine
97%
7. Rhein 1233 Nordsee Deutschland, Österreich, Schweiz, Frankreich, Niederlande
97%
1. Wolga 3530 Kaspisches Meer Russland
96%
8. Elbe 1094 Nordsee Tschechien, Deutschland
92%
20. Seine 777 Ärmelkanal Frankreich
87%
17. Oder 866 Ostsee Tschechien, Polen, Deutschland
82%
19. Rhone 812 Mittelmeer Schweiz, Frankreich
75%
14. Ebro 910 Mittelmeer Spanien
69%
12. Loire 1004 Atlantik Frankreich
69%
9. Weichsel 1047 Ostsee Polen
68%
11. Tajo 1007 Atlantik Spanien, Portugal
52%
3. Dnepr 2285 Schwarzes Meer Russland, Weißrussland, Ukraine
48%
16. Maas 874 Nordsee Frankreich, Belgien, Niederlande
42%
6. Dnestr 1352 Schwarzes Meer Ukraine, Moldawien
28%
15. Duero 897 Atlantik Spanien, Portugal
27%
13. Memel 937 Ostsee Weißrussland, Litauen, Russland
24%
10. Düna 1020 Ostsee Russland, Weißrussland, Lettland
11%
5. Petschora 1802 Petschorasee Russland
9%
18. Südlicher Bug 857 Schwarzes Meer Ukraine
4%
Keine übereinstimmenden Quizze gefunden
Verteilung der Resultate
Anzahl Personen mit jedem Resultat
Perzentil nach korrekt beantworteten Fragen
Ihre Resultats-Entwicklung
Sie haben dieses Quiz noch nicht gespielt